[Event "Pays de Champagne op-A 1st"]
[Site "Recy"]
[Date "2010.05.14"]
[Round "3"]
[White "Zeroual, Mohamed"]
[Black "Beranger, Nicolas"]
[Result "0-1"]
[WhiteElo "1945"]
[BlackElo "2180"]
[PlyCount "96"]
[EventDate "2010.05.??"]
[EventType "swiss"]
[EventRounds "6"]
[EventCountry "FRA"]
[SourceTitle "EXT 2011"]
[Source "ChessBase"]
[SourceDate "2010.11.26"]
[SourceVersion "1"]
[SourceVersionDate "2010.11.26"]
[SourceQuality "1"]

1. Nf3 d5 2. c4 c6 3. e3 Bf5 4. Nc3 Nf6 5. d4 e6 6. Bd3 Bxd3 7. Qxd3 dxc4 8. Qxc4 Nbd7 9. 0-0 Rc8 10. Qe2 Bd6 11. e4 Bb8 12. e5 Nd5 13. Ne4 c5 14. dxc5 Nxe5 15. Nxe5 Bxe5 16. Rd1 0-0 17. Qh5 Qc7 18. Rb1 f5 19. Ng5 Nf6 20. Qh3 Rfe8 21. b4 b6 22. Be3 h6 23. Nf3 Nd5 24. Nxe5 Qxe5 25. Bd4 Qc7 26. Re1 e5 27. Qxf5 Nxb4 28. Bxe5 Qxc5 29. Qg4 Qe7 30. Qxb4 Qxb4 31. Rxb4 Rxe5 32. Rbb1 Rxe1+ 33. Rxe1 Rc2 34. Ra1 b5 35. g4 a5 36. Kg2 b4 37. Kg3 Rc3+ 38. Kg2 Ra3 39. Rc1 Rxa2 40. h4 b3 41. g5 hxg5 42. hxg5 Rc2 43. Rd1 Kh7 44. Kg3 b2 45. Rb1 a4 46. f4 a3 47. f5 Rc1 48. Rxb2 axb2 0-1

[Event "Pays de Champagne op-A 1st"]
[Site "Recy"]
[Date "2010.05.13"]
[Round "1"]
[White "Zeroual, Mohamed"]
[Black "Parisot, Anthony"]
[Result "1-0"]
[WhiteElo "1945"]
[BlackElo "1657"]
[PlyCount "50"]
[EventDate "2010.05.??"]
[EventType "swiss"]
[EventRounds "6"]
[EventCountry "FRA"]
[SourceTitle "EXT 2011"]
[Source "ChessBase"]
[SourceDate "2010.11.26"]
[SourceVersion "1"]
[SourceVersionDate "2010.11.26"]
[SourceQuality "1"]

1. Nf3 Nf6 2. c4 c6 3. Nc3 d5 4. e3 e6 5. Qc2 Nbd7 6. cxd5 exd5 7. Be2 Bd6 8. a3 0-0 9. b4 a6 10. Bb2 Re8 11. h4 Ne5 12. Nd4 Qc7 13. h5 Bg4 14. f3 Bxh5 15. Nf5 Bg6 16. 0-0-0 Bf8 17. g4 Nc4 18. Bxc4 dxc4 19. Ne2 b5 20. Nf4 a5 21. Rh2 axb4 22. axb4 Ra2 23. Rdh1 Rea8 24. g5 Nd5 25. Rxh7 Bxh7 1-0